| 000 | 00531nam a2200193Ia 4500 | ||
|---|---|---|---|
| 999 |
_c20878 _d20878 |
||
| 003 | OSt | ||
| 005 | 20200630101537.0 | ||
| 008 | 190216s9999||||xx |||||||||||||| ||und|| | ||
| 020 | _a9780195647082 | ||
| 040 | _coclc | ||
| 082 |
_a934 _bTHA/H |
||
| 100 |
_aThapar, Romila _9444 |
||
| 245 | 0 |
_aHistory and Beyond / _cRomila Thapar |
|
| 250 | _a3rd Ed. | ||
| 260 |
_bOxford University Press, _c2002. _aNew DELHI: |
||
| 300 | _a189p | ||
| 650 | _aIndian History | ||
| 942 |
_cBK _2ddc _h934 _iTHA/H _k934 _mTHA/H |
||